سنن النسائي : (رقم التسجيلة. 59035)

تفاصيل مارك
000 -LEADER
fixed length control field 00791nam a22002057a 4500
005 - DATE AND TIME OF LATEST TRANSACTION
control field 20251108171208.0
008 - FIXED-LENGTH DATA ELEMENTS--GENERAL INFORMATION
fixed length control field 250721s1964 xx 000 0 ara d
082 14 - DEWEY DECIMAL CLASSIFICATION NUMBER
Classification number م/213.45/نسا
100 1# - MAIN ENTRY--PERSONAL NAME
Personal name النسائي، أحمد بن شعيب بن علي
245 10 - TITLE STATEMENT
Title سنن النسائي :
Remainder of title المجتبي /
246 13 - VARYING FORM OF TITLE
Title proper/short title زهر الربى على المجتبى المجتبى
264 1# - PRODUCTION, PUBLICATION, DISTRIBUTION, MANUFACTURE, AND COPYRIGHT NOTICE
Place of production, publication, distribution, manufacture القاهرة :
Name of producer, publisher, distributor, manufacturer مكتبة و مطبعة مصطفى البابي الحلبي و أولاده،
Date of production, publication, distribution, manufacture, or copyright notice 1964.
300 ## - PHYSICAL DESCRIPTION
Extent 8ج × 4مج
500 ## - GENERAL NOTE
General note مع تعليقات مقتبسة من حاشية السندى
650 17 - SUBJECT ADDED ENTRY--TOPICAL TERM
Topical term or geographic name as entry element الإسلام
650 17 - SUBJECT ADDED ENTRY--TOPICAL TERM
Topical term or geographic name as entry element الحديث الشريف
700 1# - ADDED ENTRY--PERSONAL NAME
Personal name السيوطي، جلال الدين عبد الرحمن
942 ## - ADDED ENTRY ELEMENTS (KOHA)
Source of classification or shelving scheme Dewey Decimal Classification
Koha item type مراجع
المقتنيات
حالة السحب حالة الفقدان مصدر التصنيف حالة التلف غير قابل للإعارة المكتبة الرئيسية المكتبة الحالية موقع الرف تاريخ التزويد الرقم المتسلسل Total Checkouts رقم الإستدعاء الباركود تاريخ آخر ظهور تاريخ الفاتورة نوع المادة (كوها)
    Dewey Decimal Classification   Not For Loan مكتبة الأميرة ايمان العامة مكتبة الأميرة ايمان العامة مراجع 28/10/2013 [1914]   م/213.45/نسا PLD00284188 28/07/2025 28/10/2013 مراجع
    Dewey Decimal Classification   Not For Loan مكتبة الأميرة ايمان العامة مكتبة الأميرة ايمان العامة مراجع 28/10/2013 [1915]   م/213.45/نسا PLD00284189 28/07/2025 28/10/2013 مراجع
    Dewey Decimal Classification   Not For Loan مكتبة الأميرة ايمان العامة مكتبة الأميرة ايمان العامة مراجع 30/10/2013 [1916]   م/213.45/نسا PLD00284565 28/07/2025 30/10/2013 مراجع
    Dewey Decimal Classification   Not For Loan مكتبة الأميرة ايمان العامة مكتبة الأميرة ايمان العامة مراجع 30/10/2013 [1917]   م/213.45/نسا PLD00284566 28/07/2025 30/10/2013 مراجع
    Dewey Decimal Classification   Not For Loan مكتبة حمزة العامة مكتبة حمزة العامة الإعارة 17/02/2016 546711   م/213.45/نسا PLD00374849 28/07/2025 17/02/2016 مراجع
    Dewey Decimal Classification   Not For Loan مكتبة صويلح العامة مكتبة صويلح العامة مراجع 06/07/2004 762870   م/213.45/نسا 762870 28/07/2025 06/07/2004 مراجع
    Dewey Decimal Classification   Not For Loan مكتبة صويلح العامة مكتبة صويلح العامة مراجع 06/07/2004 762869   م/213.45/نسا 762869 28/07/2025 06/07/2004 مراجع
    Dewey Decimal Classification   Not For Loan مكتبة صويلح العامة مكتبة صويلح العامة مراجع 06/07/2004 762868   م/213.45/نسا 762868 28/07/2025 06/07/2004 مراجع
    Dewey Decimal Classification   Not For Loan مكتبة صويلح العامة مكتبة صويلح العامة مراجع 06/07/2004 762872   م/213.45/نسا 762872 28/07/2025 06/07/2004 مراجع
    Dewey Decimal Classification   Not For Loan مكتبة صويلح العامة مكتبة صويلح العامة مراجع 06/07/2004 762871   م/213.45/نسا 762871 28/07/2025 06/07/2004 مراجع
    Dewey Decimal Classification   Not For Loan مكتبة صويلح العامة مكتبة صويلح العامة مراجع 21/09/2019 546705   م/213.45/نسا PLD00468356 28/07/2025 21/09/2019 مراجع
Implemented & Customized by: BBB with SCIT (Smart Chains for Information Technology)

Powered by Koha